000 00565nam a2200193 u 4500
005 20230921063657.0
008 010329m19862001mx r 000 0 spa d
020 _a9681312473
035 _aUPN01000105735
049 _aCG
050 4 _aPQ8179 G6.7
_bC6.76
100 1 _aGarcía Márquez, Gabriel,
_d1928-2014
245 1 0 _aCrónica de una muerte anunciada /
_cGabrie García Márquez.
260 _aMéxico :
_bDiana,
_c1986 (2001 impr.).
300 _a125 p.
650 0 _aNovela colombiana
_95359
650 4 _aLiteratura colombiana
_912879
905 _aLibro
999 _c79648
_d79648